[Event "Nordic Ch 8.Vesterhav"]
[Site "Esbjerg"]
[Date "1983.07.29"]
[Round "10"]
[White "Ziska, Andrias"]
[Black "Forintos, Gyozo"]
[Result "0-1"]
[WhiteElo "2200"]
[BlackElo "2450"]
[PlyCount "81"]
[EventDate "1983.??.??"]
[EventCountry "DEN"]

1. e4 c5 2. Nf3 e6 3. d4 cxd4 4. Nxd4 a6 5. Nc3 b5 6. Bd3 Bb7 7. O-O Qc7 8. Be3
Nf6 9. a3 Bc5 10. Qe2 Qb6 11. Nb3 Bxe3 12. fxe3 Nc6 13. Rf3 Ne5 14. Rg3 Rg8 15.
Rf1 Ke7 16. Qf2 d6 17. Nd4 Ned7 18. Kh1 Raf8 19. Qd2 g5 20. Rgf3 g4 21. R3f2 g3
22. Rf4 Ng4 23. h3 Nge5 24. Qe2 Rg5 25. Rh4 Rh8 26. Rh5 Rg6 27. Nf3 h6 28. Nh4
Rg5 29. Rxg5 hxg5 30. Nf3 g4 31. Ng1 Nf6 32. Rf4 Rh6 33. Nd1 Qa7 34. Nc3 Qa8
35. Qf1 Nh5 36. Nge2 Qh8 37. Kg1 Qg7 38. Nd1 Nxf4 39. exf4 Nc4 40. c3 gxh3 41.
gxh3 0-1

[Event "Nordic Ch 8.Vesterhav"]
[Site "Esbjerg"]
[Date "1983.07.29"]
[Round "10"]
[White "Westerinen, Heikki"]
[Black "Agdestein, Simen"]
[Result "0-1"]
[WhiteElo "2385"]
[BlackElo "2400"]
[PlyCount "94"]
[EventDate "1983.??.??"]
[EventCountry "DEN"]

1. e4 e6 2. d4 d5 3. Nd2 Nf6 4. e5 Nfd7 5. f4 c5 6. c3 Nc6 7. Ndf3 cxd4 8. cxd4
Nb6 9. Bd3 Bd7 10. Ne2 h5 11. O-O g6 12. b3 Rc8 13. Bd2 Ba3 14. Qb1 Kf8 15. Be1
Be7 16. Nc3 a6 17. Qb2 Kg7 18. Rd1 Na8 19. f5 gxf5 20. Bxf5 exf5 21. Nxd5 Be6
22. Nxe7 Nxe7 23. Bh4 Nb6 24. Bf6+ Kg8 25. Qd2 Qf8 26. Qg5+ Ng6 27. Bxh8 Kxh8
28. Qxh5+ Kg7 29. Nh4 f4 30. g3 Nd5 31. gxf4 Qe7 32. Ng2 Rh8 33. Qe2 Qd7 34.
Rd3 Bf5 35. Rg3 Rc8 36. Nh4 Rc2 37. Qh5 Nde7 38. d5 Be4 39. d6 Qb5 40. Ng2 Qc5+
41. Ne3 Nf5 42. Re1 Nxg3 43. hxg3 Rg2+ 44. Kf1 Rxg3 45. d7 Qd4 46. f5 Bd3+ 47.
Re2 Qa1+ 0-1

[Event "Nordic Ch 8.Vesterhav"]
[Site "Esbjerg"]
[Date "1983.07.30"]
[Round "11"]
[White "Agdestein, Simen"]
[Black "Raaste, Eero J"]
[Result "1/2-1/2"]
[WhiteElo "2400"]
[BlackElo "2375"]
[PlyCount "96"]
[EventDate "1983.??.??"]
[EventCountry "DEN"]

1. d4 Nf6 2. c4 e6 3. Nf3 Bb4+ 4. Bd2 Qe7 5. g3 Nc6 6. Bg2 Bxd2+ 7. Nbxd2 d6 8.
O-O O-O 9. e4 e5 10. d5 Nb8 11. Ne1 a5 12. Nd3 g6 13. f4 Ng4 14. Qe2 Na6 15. h3
Nh6 16. fxe5 dxe5 17. Qe3 Kg7 18. c5 Bd7 19. a4 Nb4 20. Nxb4 axb4 21. b3 f5 22.
Nc4 fxe4 23. d6 cxd6 24. cxd6 Qe6 25. Qxe4 Bc6 26. Qxe5+ Qxe5 27. Nxe5 Bxg2 28.
Rxf8 Rxf8 29. Kxg2 Nf5 30. Nc4 Nd4 31. Rd1 Nxb3 32. Rb1 Nc5 33. Rxb4 Kf6 34.
Rb5 Nxa4 35. Rxb7 h5 36. Rc7 Rd8 37. Nd2 Ke5 38. Nc4+ Kd5 39. Kf3 Nc5 40. Nd2
Kxd6 41. Rg7 Rf8+ 42. Ke3 Rf6 43. Nf3 Re6+ 44. Kf2 Nd3+ 45. Kg2 Ne5 46. Ng5 Re7
47. Rxe7 Kxe7 48. Nf3 Nf7 1/2-1/2

[Event "Nordic Ch 8.Vesterhav"]
[Site "Esbjerg"]
[Date "1983.07.30"]
[Round "11"]
[White "Forintos, Gyozo"]
[Black "Hansson, Dan"]
[Result "1-0"]
[WhiteElo "2450"]
[BlackElo "2320"]
[PlyCount "77"]
[EventDate "1983.??.??"]
[EventCountry "DEN"]

1. d4 Nf6 2. c4 g6 3. Nc3 Bg7 4. e4 d6 5. Nge2 O-O 6. Ng3 c6 7. Be2 a6 8. a4 a5
9. O-O Na6 10. Be3 Nb4 11. h3 Ne8 12. Qd2 e6 13. Rad1 d5 14. cxd5 exd5 15. e5
f5 16. Bg5 Qd7 17. f4 Nc7 18. Bh4 Ne6 19. Nh1 Bh6 20. Bf6 Qc7 21. g3 Bd7 22.
Bf3 Rae8 23. Nf2 Rf7 24. Ne2 Bf8 25. g4 Bh6 26. g5 Bf8 27. Nc3 Qb6 28. b3 Rc8
29. Kh2 Qa7 30. Kg3 Ng7 31. h4 Be6 32. h5 Na6 33. hxg6 hxg6 34. Rh1 Rd7 35. Rh6
Kf7 36. Rh8 Qa8 37. Rdh1 Nb4 38. R1h7 Qa6 39. Bxg7 1-0

[Event "Nordic Ch 8.Vesterhav"]
[Site "Esbjerg"]
[Date "1983.07.30"]
[Round "11"]
[White "Hansen, Curt"]
[Black "Ziska, Andrias"]
[Result "1/2-1/2"]
[WhiteElo "2450"]
[BlackElo "2200"]
[PlyCount "83"]
[EventDate "1983.??.??"]
[EventCountry "DEN"]

1. c4 Nf6 2. Nc3 g6 3. e4 d6 4. d4 Bg7 5. f3 O-O 6. Bg5 Nbd7 7. Qd2 c5 8. d5
Re8 9. Nh3 a6 10. a4 Qa5 11. Nf2 e6 12. Ra3 exd5 13. cxd5 Rb8 14. Be2 Qc7 15.
O-O c4 16. Rc1 b5 17. axb5 axb5 18. b4 Ne5 19. Be3 Rb7 20. Ra5 Bd7 21. h3 g5
22. Bxg5 Ng6 23. Be3 Qd8 24. f4 Kh8 25. Kh2 Qc7 26. g3 Qb8 27. Bf3 Ng8 28. Bd4
f6 29. Re1 Nh6 30. Rea1 Kg8 31. Ncd1 Qd8 32. Ra7 Bc8 33. Rxb7 Bxb7 34. Nc3 Qd7
35. Ng4 Nxg4+ 36. Bxg4 Qe7 37. Be6+ Kh8 38. Nxb5 Nf8 39. Bf5 Ra8 40. Rxa8 Bxa8
41. Qa2 Qd8 42. Qxc4 1/2-1/2

[Event "Nordic Ch 8.Vesterhav"]
[Site "Esbjerg"]
[Date "1983.07.30"]
[Round "11"]
[White "Sigurjonsson, Gudmundur"]
[Black "Westerinen, Heikki"]
[Result "1/2-1/2"]
[WhiteElo "2460"]
[BlackElo "2385"]
[PlyCount "41"]
[EventDate "1983.??.??"]
[EventCountry "DEN"]

1. e4 d5 2. exd5 Qxd5 3. Nc3 Qa5 4. d4 Nf6 5. Nf3 Bf5 6. Ne5 c6 7. Bf4 Nd5 8.
Qd2 e6 9. Nxd5 Qxd2+ 10. Kxd2 exd5 11. Re1 Be6 12. Bd3 Nd7 13. Re3 Nxe5 14.
Bxe5 Kd7 15. Rhe1 Re8 16. f4 f6 17. Bb8 Rxb8 18. Rxe6 Bd6 19. g3 Rbf8 20. Bf5
Kc7 21. Bd3 1/2-1/2

[Event "Nordic Ch 8.Vesterhav"]
[Site "Esbjerg"]
[Date "1983.07.30"]
[Round "11"]
[White "Wedberg, Tom"]
[Black "Schneider, Lars Ake"]
[Result "1-0"]
[WhiteElo "2495"]
[BlackElo "2445"]
[PlyCount "80"]
[EventDate "1983.??.??"]
[EventCountry "DEN"]

1. e4 e5 2. Nf3 Nc6 3. Bb5 a6 4. Ba4 Nf6 5. O-O b5 6. Bb3 Be7 7. d4 d6 8. c3
O-O 9. h3 Bb7 10. Nbd2 Nd7 11. Re1 Bf6 12. Nf1 Na5 13. Bc2 Nc4 14. a4 c5 15. b3
Ncb6 16. a5 Nc8 17. Ne3 g6 18. dxc5 Nxc5 19. Nd5 Bg7 20. b4 Ne6 21. Bb3 Kh8 22.
Be3 f5 23. Qd2 f4 24. Bb6 Qe8 25. Rac1 Nxb6 26. Nxb6 Rd8 27. Bd5 Bxd5 28. Qxd5
g5 29. Nh2 f3 30. g3 h5 31. Qd3 Qf7 32. Nd5 g4 33. h4 Bh6 34. Rcd1 Nf4 35. gxf4
Bxf4 36. Nxf4 Qxf4 37. Qe3 g3 38. Qxf4 Rxf4 39. Nf1 g2 40. Nh2 Rdf8 1-0